Estudio de materiales

Saved in:
書目詳細資料
主要作者: Arredondo, F (Author)
格式: 圖書
語言:西班牙语
出版: Madrid Instituto Eduardo Torroja de la Construcción y del Cemento 1980
版:8a. ed
主題:
標簽: 添加標簽
沒有標簽, 成為第一個標記此記錄!

MARC

LEADER 00000nam a2200000 a 4500
001 UCU7014
003 CL-VaPUC
008 960628e19800000SP |||||||||||||||||spa|d
082 0 4 |a 691  |b ARR  |2 21 
100 0 |a Arredondo, F  |e author  |9 365472 
245 1 0 |a Estudio de materiales 
250 |a 8a. ed 
300 |a v 
942 |c BK 
945 |d 19960628 00:00:00  |a cmena 
260 |a Madrid  |b Instituto Eduardo Torroja de la Construcción y del Cemento  |c 1980 
500 |a v.9: Materiales bituminosos 
650 0 |a Materiales de construcción  |9 260197 
650 7 |a MATERIALES BITUMINOSOS  |2 CL-VaPUC  |9 365473 
650 7 |a PRODUCTOS DEL PETROLEO  |2 CL-VaPUC  |9 365474 
650 0 |a Propiedades mecánicas   |9 262507 
650 7 |a TECNOLOGIA DE LA CONSTRUCCION  |2 CL-VaPUC  |9 260196 
650 7 |a PETROLEO  |2 CL-VaPUC  |9 320865 
650 0 |a Control de calidad   |9 259714 
583 |a last modification  |c 19960628 00:00:00  |k Rodrigo Vera 
999 |c 249732  |d 249730